000 00554nam a2200193 i 4500
001 41532
003 ES-MaACL
005 20251004063100.0
007 t|
008 030311s1936 sp ||||1| spa d
080 _a821.134.2-22"19"
100 1 _aCasona, Alejandro,
_d1903-1965
_9171490
245 1 0 _aNuestra Natacha :
_bcomedia en tres actos /
_cAlejandro Casona [seud.].
250 _a2ª ed.
260 _aMadrid :
_bMagisterio Español,
_c[1936]
300 _a171 p. ;
_c19 cm.
852 _aES-MaACL
_jA-4514
999 _c41532
_d41532